<?xml version="1.0" encoding="UTF-8"?>
<marc:record xmlns:marc="http://www.loc.gov/MARC21/slim">
   <marc:leader>00000nam a2200000 a 4500</marc:leader>
   <marc:datafield ind1="1" ind2=" " tag="100">
      <marc:subfield code="a">Steindamm, Constanze</marc:subfield>
      <marc:subfield code="4">aut</marc:subfield>
      <marc:subfield code="e">Verfasser/-in</marc:subfield>
   </marc:datafield>
   <marc:datafield ind1="1" ind2=" " tag="100">
      <marc:subfield code="a">Birkenstock, Anna Karina</marc:subfield>
      <marc:subfield code="4">art</marc:subfield>
      <marc:subfield code="e">Künstler/-in</marc:subfield>
   </marc:datafield>
   <marc:datafield ind1="0" ind2="0" tag="245">
      <marc:subfield code="a">Willkommen im Kindergarten Kitalulu</marc:subfield>
   </marc:datafield>
   <marc:datafield ind1="0" ind2="0" tag="245">
      <marc:subfield code="c">eine Geschichte von Constanze Steindamm ; mit Bildern von Anna Karina Birkenstock</marc:subfield>
   </marc:datafield>
   <marc:datafield ind1=" " ind2="1" tag="264">
      <marc:subfield code="a">Hamburg</marc:subfield>
      <marc:subfield code="b">Carlsen</marc:subfield>
      <marc:subfield code="c">2021</marc:subfield>
   </marc:datafield>
   <marc:datafield ind1=" " ind2=" " tag="250">
      <marc:subfield code="a">1. Aufl.</marc:subfield>
   </marc:datafield>
   <marc:datafield ind1="1" ind2=" " tag="520">
      <marc:subfield code="a">Angaben aus der Verlagsmeldung

Willkommen im Kindergarten Kitalulu (ELTERN-Vorlesebuch) : Mit Vorlese-Tipps von Experten / von Constanze Steindamm

Vor ihrer Kindergarten-Insel Kitalulu entdecken das Eichhörnchen Flitze Pfeffernuss und Bär Adalbärto ein Segelboot in Not. Nun ist schnelle Hilfe gefragt. Wird es ihnen gelingen, das Schiff mit Hilfe ihrer Freunde zu retten? Und wer wird wohl an Bord sein?   Eine liebevoll erzählte Geschichte über Freundschaft, Zusammenhalt und das Lösen von Streitigkeiten in einer Gruppe.

ELTERN-Redaktion (aus dem Vorwort):
Ein Buch, das den Alltag in der Gruppe bunt, detailreich und mit Sprachwitz liebevoll nachzeichnet. Die unterschiedlichen Charaktere bieten kleinen Lesern viel Stoff zur Identifikation und jede Menge Anlässe, über sich und ihre Freunde nachzudenken. Damit eignet es sich ganz besonders, um Kinder auf die Ankunft eines „Neuen“ in der Gruppe oder auf den eigenen Kitastart vorzubereiten.
</marc:subfield>
   </marc:datafield>
   <marc:datafield ind1=" " ind2=" " tag="020">
      <marc:subfield code="a">9783551519252</marc:subfield>
      <marc:subfield code="9">9783551519252</marc:subfield>
   </marc:datafield>
   <marc:datafield ind1=" " ind2=" " tag="020">
      <marc:subfield code="a">3551519250</marc:subfield>
      <marc:subfield code="9">3551519250</marc:subfield>
   </marc:datafield>
   <marc:datafield ind1=" " ind2=" " tag="300">
      <marc:subfield code="a">24 ungezählte Seiten</marc:subfield>
   </marc:datafield>
</marc:record>
